| 000 | 00442pab a2200181 454500 | ||
|---|---|---|---|
| 008 | 180718b2011 xxu||||| |||| 00| 0 eng d | ||
| 100 | _aCrump, Richard | ||
| 245 | _aFertility and the personal exemption: Comment | ||
| 260 | _c2011 | ||
| 300 | _ap.1616-1628. | ||
| 362 | _aJul | ||
| 650 | _aFertility | ||
| 700 | _aMumford,Kevin J. | ||
| 700 | _aGoda, Gopi Shah | ||
| 773 | _aAmerican Economic Review | ||
| 908 | _aN | ||
| 909 | _a93054 | ||
| 999 |
_c93054 _d93054 |
||